| 000 | 00669nam a22002537a 4500 | ||
|---|---|---|---|
| 003 | UA-OsUOA | ||
| 001 | 24330 | ||
| 007 | ta | ||
| 008 | 20040216b un ||||| |||| 00| 0 ukr d | ||
| 100 | _aФонер Ф.Ш. | ||
| 090 |
_a327.321 _bФ77 |
||
| 942 | _cBK | ||
| 040 |
_aUA-OsUOA _brus _cUA-OsUOA _dUA-OsUOA |
||
| 245 |
_aПервое мая _bКраткая история международного праздника рабочих 1886-1986 |
||
| 300 | _a320 с. | ||
| 955 | _a0 | ||
| 041 | _arus | ||
| 080 | _a327.321 | ||
| 020 | _a5-01-0001006-2 | ||
| 260 |
_aМосква _bПрогресс _c1988 |
||
| 044 | _aRU | ||
| 650 | 7 | _2UDC | |
| 999 |
_c310598 _d310598 |
||